Diccionario de Geografía antigua y moderna (Registro nro. 309984)
[ vista simple ]
| 000 -ENCABEZADO | |
|---|---|
| Número de control [NR] | 01340nam a22002177a 4500 |
| 005 - FECHA Y HORA DE LA ÚLTIMA TRANSACCIÓN | |
| control field | 20180529144736.0 |
| 008 - DE LONGITUD FIJA DE DATOS DE ELEMENTOS - INFORMACIÓN GENERAL | |
| Elementos de longitud fija [NR] | 180529s1869 fr |||fr|||| 00| 0 spa d |
| 040 ## - FUENTE DE CATALOGACION [NR] | |
| Quien Cataloga | Sandra Yazo |
| Quien Clasifica | Sandra Yazo |
| 041 ## - CODIGO DE IDIOMA [R] | |
| Código de idioma para texto/pista de sonido o título separado [R] | Latín |
| 082 04 - NUMERO DE CLASIFICACION DECIMAL DEWEY [R] | |
| Número de la edición [NR] | 20 |
| Número de clasificación [R] | 910.03 |
| 092 ## - SIGNATURA TOPOGRAFICA LOCAL | |
| Número de clasificación local | E46N061 |
| 100 1# - ASIENTO PRINCIPAL--NOMBRE PERSONAL [NR] | |
| Nombre personal [NR] | Campano, D. L. |
| ID Autoridad | 92685 |
| 245 10 - MENCION DE TITULO [NR] | |
| Título [NR] | Diccionario de Geografía antigua y moderna |
| Parte restante del título [NR] | Arreglado á los más recientes datos y más completo que ningún otro diccionario en la parte americana |
| 260 ## - PUBLICACION, DISTRIBUCION, ETC. (PIE DE IMPRENTA) [R] | |
| Lugar de publicación, distribución, etc. [R] | París (Francia) |
| Nombre del editor, distribuidor, etc. [R] | Librería de Rosa y Bouret ; Imprenta de Simón Raçon y compañía |
| Fecha de publicación, distribución, etc. [R] | 1869 |
| 300 ## - DESCRIPCION FISICA [R] | |
| Extensión [R] | xiv, 858 páginas |
| Dimensiones [R] | 22 x 14 cm. |
| 500 ## - NOTA GENERAL [R] | |
| Nota general [NR] | Detalles físicos: Encuadernación rígida en cartón forrado en tela texturizada. Lomo con nervaduras sobre costuras y adornos en dorado. Tapas con recuadros repujados. Guardas en papel que simula papel de agua. Anteportada. Portada impresa en una sola tinta con marca tipográfica de la Editorial Rosa y Bouret, sello de tinta (Francisco Jiménez + Samudio). Texto impreso en dos columnas, separadas por una línea vertical, con diversos tipos y tamaños de letras. Márgenes amplios. Cortes decorados. Ligero deterioro en tapas (raspaduras en la tela) |
| 505 ## - NOTA DE CONTENIDO CON FORMATO PREESTABLECIDO [R] | |
| Nota de contenido con formato preestablecido [NR] | A - Z |
| 506 ## - NOTA DE RESTRICCIONES DE ACCESO [R] | |
| Condiciones de acceso [NR] | Consulta en sala |
| 650 #7 - ASIENTO SECUNDARIO DE MATERIA - TERMINO TEMATICO [R] | |
| 9 (RLIN) | 16335 |
| Término temático o nombre geográfico como elemento de entrada [NR] | Geografía |
| Subdivisión general [R] | Diccionarios |
| 942 ## - ELEMENTOS DE ENTRADA AGREGADOS (KOHA) | |
| Sistema de clasificación | LOCAL |
| Tipo de ítem principal el descrito en 300a | Libro |
| Edición | 1 |
| Clasificación | E46N061 |
| Suprimido | Perdido | Sistema de clasificación | Dañado | No prestable | Tipo de ítem específico | Ubicación habitual | Ubicación actual | Localización | Fecha de creación | Forma de adquisición | Costo | Total préstamos | Signatura topográfica | Código de barras | Última vez visto | Ejemplar | Price effective from | Tipo de ítem |
|---|---|---|---|---|---|---|---|---|---|---|---|---|---|---|---|---|---|---|
| LOCAL | Libro archivo | Archivo Histórico | Archivo Histórico | Archivo histórico | 29/05/2018 | Donación | 0.00 | E46N061 | L006615 | 29/05/2018 | Ej.1 | 29/05/2018 | Libro |